000 00765nam a2200277 a 4500
003 AR-BaBNM
005 20251128204031.0
008 082120s2002 ||||||||||||||000 | spa||
040 _cAR-BaBNM
110 2 _aInstituto Nacional Sanmartiniano [Argentina]
245 0 0 _aLa conducción política del General San Martín durante el Protectorado del Perú
_n3
260 _aBuenos Aires
_bInstituto Nacional Sanmartiniano
_c1982
300 _a115 p.
650 4 _aBIOGRAFIAS
650 4 _aHISTORIA
650 4 _aPOLITICA
650 4 _aFUERZAS ARMADAS
650 4 _aECONOMIA
650 4 _aGUERRAS DE LA INDEPENDENCIA
650 4 _aHISTORIA MILITAR
651 4 _aPerú
651 4 _aArgentina
655 _aBIOGRAFIAS
942 _cBK
998 _cEnrique
999 _c5887
_d5887